000 00284nam a22001337a 4500
008 171016b xxu||||| |||| 00| 0 eng d
020 _a0070546851
041 _aeng
080 _212TH
_a33
100 _a52
101 _aEKO
245 _aECONOMICS
_cSAMUELSON,P.A
942 _2udc
_cBK
999 _c33999
_d33999